[Event "Moscow Aeroflot op-A"]
[Site "Moscow"]
[Date "2024.03.07"]
[Round "9"]
[White "Drygalov, Andrey"]
[Black "Sahakyan, Aleks"]
[Result "1/2-1/2"]
[WhiteElo "2475"]
[BlackElo "2318"]
[PlyCount "82"]
[EventDate "2024.03.03"]
[EventType "swiss"]
[EventRounds "9"]
[EventCountry "RUS"]
[SourceTitle "CB11_2024"]
[SourceDate "2024.03.13"]
[SourceVersion "1"]
[SourceVersionDate "2024.03.13"]
[SourceQuality "1"]

1. d4 Nf6 2. c4 e6 3. Nf3 d5 4. Nc3 Bb4 5. cxd5 exd5 6. Bg5 h6 7. Bh4 0-0 8. e3 Bf5 9. Be2 Nbd7 10. Qb3 Bxc3+ 11. Qxc3 g5 12. Bg3 Ne4 13. Qa5 c6 14. Qxd8 Rfxd8 15. Nd2 Nxg3 16. hxg3 Kg7 17. g4 Bg6 18. Nb3 a5 19. Kd2 a4 20. Nc1 Nb6 21. Bd3 Bxd3 22. Nxd3 Nc4+ 23. Ke2 Re8 24. b3 Nd6 25. Nc5 a3 26. Rac1 Re7 27. Kd2 Rae8 28. Rhe1 Rh8 29. Kc3 h5 30. gxh5 Rxh5 31. Rh1 Rxh1 32. Rxh1 f5 33. g3 f4 34. gxf4 gxf4 35. Rh3 Nf5 36. Kd2 fxe3+ 37. fxe3 Kf6 38. Kd3 Rg7 39. e4 dxe4+ 40. Nxe4+ Ke6 41. Rh2 b6 1/2-1/2

[Event "Moscow Aeroflot op-A"]
[Site "Moscow"]
[Date "2024.03.05"]
[Round "5"]
[White "Makarian, Rudik"]
[Black "Sahakyan, Aleks"]
[Result "1-0"]
[WhiteElo "2525"]
[BlackElo "2318"]
[PlyCount "45"]
[EventDate "2024.03.03"]
[EventType "swiss"]
[EventRounds "9"]
[EventCountry "RUS"]
[SourceTitle "CB11_2024"]
[SourceDate "2024.03.13"]
[SourceVersion "1"]
[SourceVersionDate "2024.03.13"]
[SourceQuality "1"]

1. d4 d5 2. c4 c6 3. Nf3 Nf6 4. Nc3 e6 5. Bg5 h6 6. Bh4 dxc4 7. e4 g5 8. Bg3 b5 9. Be2 Bb7 10. Qc2 Nbd7 11. Rd1 Qa5 12. 0-0 Be7 13. Ne5 Nxe5 14. Bxe5 0-0-0 15. b3 b4 16. Na4 c3 17. a3 Rhf8 18. axb4 Qxb4 19. Nxc3 Nd7 20. Bg3 f5 21. exf5 Rxf5 22. Bg4 Rf6 23. Ne4 1-0

[Event "Moscow Aeroflot op-A"]
[Site "Moscow"]
[Date "2024.03.05"]
[Round "6"]
[White "Sahakyan, Aleks"]
[Black "Vetokhin, Savva"]
[Result "0-1"]
[WhiteElo "2318"]
[BlackElo "2427"]
[PlyCount "104"]
[EventDate "2024.03.03"]
[EventType "swiss"]
[EventRounds "9"]
[EventCountry "RUS"]
[SourceTitle "CB11_2024"]
[SourceDate "2024.03.13"]
[SourceVersion "1"]
[SourceVersionDate "2024.03.13"]
[SourceQuality "1"]

1. d4 Nf6 2. c4 e6 3. Nf3 d5 4. Nc3 Bb4 5. Qa4+ Nc6 6. e3 0-0 7. Qc2 b6 8. cxd5 exd5 9. Bd3 Ne7 10. 0-0 c5 11. b3 Bg4 12. Ne5 cxd4 13. exd4 Rc8 14. Bb2 Be6 15. Ba6 Rc7 16. Qd3 Bf5 17. Qe3 Ne4 18. Rac1 f6 19. Nf3 Nxc3 20. Bxc3 Ba3 21. Rce1 Qd6 22. Bd2 Be4 23. Nh4 g5 24. b4 Bxb4 25. Bxb4 Qxb4 26. Qg3 Rc3 27. Qg4 Qxd4 28. Nf3 Qc5 29. Nd2 Bf5 30. Qe2 Rc2 31. g4 Bg6 32. Qe6+ Rf7 33. Nb3 Qc6 34. Qe3 Rxa2 35. Ra1 Rxa1 36. Rxa1 Qd7 37. h3 h5 38. Nd4 Qd6 39. Be2 hxg4 40. Bxg4 f5 41. Bf3 f4 42. Qe1 Nf5 43. Nb5 Qd7 44. Nc3 d4 45. Ne4 Qe7 46. Bg4 Nh4 47. f3 Bxe4 48. fxe4 f3 49. Qd2 f2+ 50. Kf1 Qxe4 51. Qxg5+ Ng6 52. Bf3 Rxf3 0-1

[Event "Moscow Aeroflot op-A"]
[Site "Moscow"]
[Date "2024.03.03"]
[Round "2"]
[White "Sahakyan, Aleks"]
[Black "Zakhartsov, Vladimir"]
[Result "1/2-1/2"]
[WhiteElo "2318"]
[BlackElo "2504"]
[PlyCount "64"]
[EventDate "2024.03.03"]
[EventType "swiss"]
[EventRounds "9"]
[EventCountry "RUS"]
[SourceTitle "CB11_2024"]
[SourceDate "2024.03.13"]
[SourceVersion "1"]
[SourceVersionDate "2024.03.13"]
[SourceQuality "1"]

1. d4 Nf6 2. c4 e6 3. Nf3 d5 4. Nc3 Nbd7 5. Qc2 Be7 6. Bf4 0-0 7. cxd5 exd5 8. e3 c6 9. Bd3 Re8 10. 0-0 Nf8 11. h3 Ng6 12. Bh2 Bd6 13. Bxd6 Qxd6 14. Rab1 a5 15. a3 Qe7 16. b4 b5 17. Ne2 Bd7 18. Nf4 Nxf4 19. exf4 axb4 20. axb4 Ra4 21. Ne5 h6 22. Nxc6 Bxc6 23. Qxc6 Rxb4 24. Bxb5 Rb8 25. Bd3 Rxb1 26. Bxb1 Qe2 27. Qc4 dxc4 28. Rc1 Ne8 29. Be4 Nd6 30. Bd5 Kf8 31. g3 Rd8 32. Rc2 Rc8 1/2-1/2

[Event "Titled Tuesday intern op 27th Feb Late"]
[Site "Chess.com INT"]
[Date "2024.02.27"]
[Round "7"]
[White "Soto Vega, Jorge"]
[Black "Sahakyan, Aleks"]
[Result "0-1"]
[WhiteElo "2354"]
[BlackElo "2318"]
[PlyCount "112"]
[EventDate "2024.02.27"]
[EventType "swiss (blitz)"]
[EventRounds "11"]
[EventCountry "USA"]
[SourceTitle "CB10_2024"]
[SourceDate "2024.03.06"]
[SourceVersion "1"]
[SourceVersionDate "2024.03.06"]
[SourceQuality "1"]

1. e4 Nc6 2. Nf3 d6 3. d4 Nf6 4. d5 Nb8 5. Bd3 g6 6. 0-0 Bg7 7. Re1 0-0 8. h3 c6 9. c4 Na6 10. Nc3 Nc5 11. Bc2 a5 12. Be3 Ncd7 13. Qd2 Nc5 14. e5 Nfd7 15. Bh6 Nxe5 16. Nxe5 Bxe5 17. Bxf8 Qxf8 18. Rad1 Bd7 19. Rxe5 dxe5 20. Qe3 e6 21. Qxe5 exd5 22. cxd5 Re8 23. Qd4 b6 24. h4 Qg7 25. Qf4 Qe5 26. Qf3 h5 27. Qg3 Qxg3 28. fxg3 Bg4 29. Rd2 Rd8 30. Kf2 Be6 31. Bd1 cxd5 32. Ke3 Re8 33. Bf3 Bf5+ 34. Kf4 d4 35. Rxd4 Ne6+ 36. Ke5 Nxd4+ 37. Kxd4 Kg7 38. Nd5 Re6 39. a3 f6 40. b4 axb4 41. axb4 Kf7 42. Ne3 Rd6+ 43. Kc4 Bd3+ 44. Kc3 Bb5 45. Bd5+ Ke7 46. Be4 f5 47. Bc2 Kf6 48. Bb1 Ke5 49. Bc2 Rc6+ 50. Kd2 Kd4 51. Bb1 Ba4 52. Bd3 Rc3 53. Bxf5 Rxe3 54. Bxg6 Rxg3 55. Bxh5 Rxg2+ 56. Ke1 Rh2 0-1

[Event "Titled Tuesday intern op 27th Feb Late"]
[Site "Chess.com INT"]
[Date "2024.02.27"]
[Round "1"]
[White "Yang, Kevin S"]
[Black "Sahakyan, Aleks"]
[Result "1-0"]
[WhiteElo "2096"]
[BlackElo "2318"]
[PlyCount "89"]
[EventDate "2024.02.27"]
[EventType "swiss (blitz)"]
[EventRounds "11"]
[EventCountry "USA"]
[SourceTitle "CB10_2024"]
[SourceDate "2024.03.06"]
[SourceVersion "1"]
[SourceVersionDate "2024.03.06"]
[SourceQuality "1"]

1. Nf3 Nf6 2. b3 g6 3. Bb2 Bg7 4. g3 0-0 5. Bg2 c5 6. c4 Nc6 7. 0-0 d6 8. d4 cxd4 9. Nxd4 Bd7 10. Nc3 Rc8 11. Rc1 Qa5 12. Qd2 Ne4 13. Nxe4 Qxd2 14. Nxd2 Nxd4 15. Bxd4 Bxd4 16. Bxb7 Rb8 17. Bf3 a5 18. e3 Bg7 19. c5 Bb5 20. Rfd1 a4 21. cxd6 exd6 22. Ne4 axb3 23. axb3 Ba6 24. Rxd6 Bc8 25. Nc5 Bf5 26. Kg2 h5 27. h3 Bb2 28. Rcd1 Ba3 29. R6d5 Rfc8 30. Nd7 Rxb3 31. Nf6+ Kf8 32. g4 Be6 33. R5d4 hxg4 34. hxg4 Kg7 35. Nd5 Rc2 36. Nf4 Bc8 37. R4d2 Rcc3 38. Nd5 Rc5 39. Nf4 Rcc3 40. Rd8 Rc5 41. Rh1 Rb2 42. Rhh8 Rcc2 43. Rdg8+ Kf6 44. Nd5+ Kg5 45. Rh5# 1-0

[Event "Titled Tuesday intern op 13th Feb Late"]
[Site "Chess.com INT"]
[Date "2024.02.13"]
[Round "5"]
[White "Sahakyan, Aleks"]
[Black "Ambartsumova, Karina"]
[Result "1-0"]
[WhiteElo "2318"]
[BlackElo "2418"]
[PlyCount "121"]
[EventDate "2024.02.13"]
[EventType "swiss (blitz)"]
[EventRounds "11"]
[EventCountry "USA"]
[SourceTitle "CB08_2024"]
[SourceDate "2024.02.21"]
[SourceVersion "1"]
[SourceVersionDate "2024.02.21"]
[SourceQuality "1"]

1. d4 Nf6 2. c4 e6 3. Nf3 d5 4. Nc3 Be7 5. Bf4 0-0 6. e3 b6 7. cxd5 Nxd5 8. Nxd5 Qxd5 9. a3 Ba6 10. Bxa6 Nxa6 11. 0-0 c5 12. dxc5 Qxd1 13. Rfxd1 Nxc5 14. b4 Ne4 15. Rd7 Bf6 16. Rc1 Bb2 17. Rc4 Nf6 18. Rd3 Rfc8 19. Rxc8+ Rxc8 20. h3 h6 21. Be5 Bxe5 22. Nxe5 Nd5 23. e4 Nf6 24. f3 a5 25. Rd6 axb4 26. axb4 Rb8 27. b5 g5 28. Kh2 Kg7 29. Rc6 Rb7 30. h4 Ne8 31. Nc4 Rc7 32. Nxb6 Rb7 33. hxg5 hxg5 34. Kg3 Nc7 35. Kg4 Kg6 36. Nc4 Nxb5 37. Ne5+ Kf6 38. Rc5 Kg7 39. Nc4 f6 40. e5 Nd4 41. exf6+ Kxf6 42. Nd6 Rb4 43. Ne4+ Kg6 44. Rxg5+ Kf7 45. Ra5 Nf5 46. Kg5 Ne3 47. Ra7+ Ke8 48. g4 Rb3 49. Kf6 Rb6 50. Ra8+ Kd7 51. Ra7+ Kc8 52. g5 Nd5+ 53. Ke5 Nc7 54. g6 Kd7 55. g7 Rb5+ 56. Kf6 Rf5+ 57. Kg6 Rxf3 58. g8Q Rf4 59. Ng5 Kd6 60. Rxc7 Rf8 61. Qxf8+ 1-0

[Event "Titled Tuesday intern op 13th Feb Late"]
[Site "Chess.com INT"]
[Date "2024.02.13"]
[Round "4"]
[White "Sahakyan, Aleks"]
[Black "Ozates, Tuna"]
[Result "1-0"]
[WhiteElo "2318"]
[BlackElo "2290"]
[PlyCount "54"]
[EventDate "2024.02.13"]
[EventType "swiss (blitz)"]
[EventRounds "11"]
[EventCountry "USA"]
[SourceTitle "CB08_2024"]
[SourceDate "2024.02.21"]
[SourceVersion "1"]
[SourceVersionDate "2024.02.21"]
[SourceQuality "1"]

1. d4 Nf6 2. c4 e6 3. Nf3 d5 4. Nc3 c5 5. cxd5 Nxd5 6. e4 Nxc3 7. bxc3 cxd4 8. cxd4 Bb4+ 9. Bd2 Bxd2+ 10. Qxd2 0-0 11. Bc4 Nd7 12. 0-0 b6 13. Rfe1 Bb7 14. Bb3 Rc8 15. Rad1 Qc7 16. d5 exd5 17. exd5 Nc5 18. d6 Qc6 19. Re7 Rcd8 20. Bxf7+ Kh8 21. Qd4 Rxf7 22. Rxf7 Ne6 23. Qe5 Qc2 24. Re1 Bxf3 25. Qxe6 Bc6 26. d7 Qa4 27. Qe8+ Rxe8 1-0

[Event "Titled Tuesday intern op 06th Feb Late"]
[Site "Chess.com INT"]
[Date "2024.02.06"]
[Round "8"]
[White "Cristobal, Manuel"]
[Black "Sahakyan, Aleks"]
[Result "1-0"]
[WhiteElo "2257"]
[BlackElo "2318"]
[PlyCount "81"]
[EventDate "2024.02.06"]
[EventType "swiss (blitz)"]
[EventRounds "11"]
[EventCountry "USA"]
[SourceTitle "CB07_2024"]
[SourceDate "2024.02.14"]
[SourceVersion "1"]
[SourceVersionDate "2024.02.14"]
[SourceQuality "1"]

1. d3 g6 2. Nf3 Bg7 3. g3 e5 4. Bg2 Nc6 5. 0-0 d6 6. c4 f5 7. Nc3 Nf6 8. Nd5 Nxd5 9. cxd5 Ne7 10. Ng5 c6 11. dxc6 bxc6 12. Qb3 d5 13. e4 0-0 14. exd5 cxd5 15. f4 h6 16. Nf3 e4 17. Ne5 Kh7 18. dxe4 dxe4 19. Be3 Nd5 20. Rfd1 Be6 21. Rac1 Nxe3 22. Qxe3 Qb6 23. Qxb6 axb6 24. a3 Rac8 25. Kf2 Bb3 26. Rxc8 Rxc8 27. Rd2 Rc2 28. Rxc2 Bxc2 29. Ke3 g5 30. Nc4 b5 31. Nd6 Bxb2 32. fxg5 Bc1+ 33. Kd4 hxg5 34. Nxf5 Bb2+ 35. Ke3 Bc1+ 36. Kd4 Bxa3 37. Bxe4 Ba4 38. Bc6 Kg6 39. Ne3 Kf6 40. Nd5+ Ke6 41. Nc7+ 1-0

[Event "Titled Tuesday intern op 06th Feb Early"]
[Site "Chess.com INT"]
[Date "2024.02.06"]
[Round "7"]
[White "Sahakyan, Aleks"]
[Black "Woodward, Andy"]
[Result "1-0"]
[WhiteElo "2318"]
[BlackElo "2501"]
[PlyCount "73"]
[EventDate "2024.02.06"]
[EventType "swiss (blitz)"]
[EventRounds "11"]
[EventCountry "USA"]
[SourceTitle "CB07_2024"]
[SourceDate "2024.02.14"]
[SourceVersion "1"]
[SourceVersionDate "2024.02.14"]
[SourceQuality "1"]

1. e4 c5 2. Nf3 d6 3. Nc3 Nf6 4. e5 dxe5 5. Nxe5 a6 6. a4 Nbd7 7. Nc4 b6 8. Qf3 Ra7 9. d3 Bb7 10. Qg3 g6 11. Bf4 Bc6 12. Be2 Bg7 13. Bf3 Qa8 14. a5 Bxf3 15. axb6 Bxg2 16. Rg1 Nxb6 17. Nxb6 Qd8 18. Bb8 Rb7 19. Be5 Qxb6 20. Qxg2 0-0 21. b3 Rd7 22. 0-0-0 a5 23. Na4 Qb5 24. Rge1 Rfd8 25. Bc3 c4 26. dxc4 Qf5 27. Rxd7 Nxd7 28. Bxg7 Kxg7 29. Rd1 Rb8 30. Qd5 Qf4+ 31. Qd2 Qxd2+ 32. Rxd2 Ne5 33. Rd5 Ng4 34. c5 Rc8 35. c3 Nxf2 36. b4 e6 37. Rd7 1-0

[Event "Titled Tuesday intern op 23rd Jan Late"]
[Site "Chess.com INT"]
[Date "2024.01.23"]
[Round "10"]
[White "Sahakyan, Aleks"]
[Black "Iturrizaga Bonelli, Eduardo"]
[Result "1-0"]
[WhiteElo "2288"]
[BlackElo "2600"]
[PlyCount "75"]
[EventDate "2024.01.23"]
[EventType "swiss (blitz)"]
[EventRounds "11"]
[EventCountry "USA"]
[SourceTitle "CB05_2024"]
[SourceDate "2024.01.31"]
[SourceVersion "1"]
[SourceVersionDate "2024.01.31"]
[SourceQuality "1"]

1. e4 c5 2. Nf3 e6 3. b3 b6 4. Bb2 Bb7 5. Nc3 Nc6 6. d4 cxd4 7. Nxd4 Rc8 8. Ndb5 Nf6 9. Nd6+ Bxd6 10. Qxd6 Ne7 11. 0-0-0 Nxe4 12. Nxe4 Bxe4 13. Bd3 Nf5 14. Qe5 Bxd3 15. Rxd3 0-0 16. g4 Rc5 17. Qf4 Ne7 18. Qd4 Rg5 19. Qxd7 Qa8 20. Rhd1 Nd5 21. h4 Rg6 22. h5 Rg5 23. h6 gxh6 24. Kb1 Qc8 25. Qxc8 Rxc8 26. c4 h5 27. cxd5 hxg4 28. d6 Rf5 29. d7 Rd8 30. Ba3 e5 31. Be7 e4 32. R3d2 e3 33. fxe3 Ra8 34. d8Q+ Rxd8 35. Rxd8+ Kg7 36. R8d4 h5 37. Rf4 Re5 38. Bf6+ 1-0

[Event "Titled Tuesday intern op 23rd Jan Late"]
[Site "Chess.com INT"]
[Date "2024.01.23"]
[Round "11"]
[White "Sahakyan, Aleks"]
[Black "Lazavik, Denis"]
[Result "1-0"]
[WhiteElo "2288"]
[BlackElo "2566"]
[PlyCount "101"]
[EventDate "2024.01.23"]
[EventType "swiss (blitz)"]
[EventRounds "11"]
[EventCountry "USA"]
[SourceTitle "CB05_2024"]
[SourceDate "2024.01.31"]
[SourceVersion "1"]
[SourceVersionDate "2024.01.31"]
[SourceQuality "1"]

1. e4 c5 2. Nf3 e6 3. b3 Nc6 4. Bb2 Nf6 5. e5 Ng4 6. h3 Nh6 7. Nc3 d6 8. exd6 e5 9. Ne4 Bxd6 10. Bb5 0-0 11. Bxc6 bxc6 12. Nxd6 Qxd6 13. 0-0 e4 14. Ne5 Re8 15. Qh5 Ba6 16. Rfe1 f6 17. Nc4 Bxc4 18. bxc4 Nf7 19. Qg4 Rab8 20. Bc3 Nh6 21. Qh5 Nf7 22. Re3 g6 23. Qh4 f5 24. Rae1 Qd8 25. Qf4 Qg5 26. Qc7 Rbc8 27. Qxa7 Qe7 28. Qxe7 Rxe7 29. f3 Nd6 30. fxe4 fxe4 31. d3 Ra8 32. Ra1 Rea7 33. Be5 Nf5 34. Rxe4 Rxa2 35. Rxa2 Rxa2 36. Re2 Kf7 37. g4 Nh4 38. Kf2 g5 39. Bd6 Ng6 40. Kg3 Ra5 41. Bc7 Ra6 42. Bd8 h6 43. Rf2+ Kg7 44. Bf6+ Kg8 45. Bc3 Nf4 46. Bd2 Ng6 47. Rf6 Kg7 48. Bc3 Kh7 49. Rf7+ Kg8 50. Rg7+ Kf8 51. Rxg6 1-0

[Event "Titled Tuesday intern op 23rd Jan Late"]
[Site "Chess.com INT"]
[Date "2024.01.23"]
[Round "2"]
[White "Sahakyan, Aleks"]
[Black "Obon Temprano, Sergi"]
[Result "1-0"]
[WhiteElo "2288"]
[BlackElo "2194"]
[PlyCount "63"]
[EventDate "2024.01.23"]
[EventType "swiss (blitz)"]
[EventRounds "11"]
[EventCountry "USA"]
[SourceTitle "CB05_2024"]
[SourceDate "2024.01.31"]
[SourceVersion "1"]
[SourceVersionDate "2024.01.31"]
[SourceQuality "1"]

1. e4 e6 2. d4 d5 3. exd5 exd5 4. Nf3 Bd6 5. Nc3 c6 6. Bd3 Ne7 7. 0-0 0-0 8. Ne2 Bf5 9. Ng3 Bxd3 10. Qxd3 Nd7 11. Nf5 Nxf5 12. Qxf5 Nf6 13. Bg5 Qd7 14. Nh4 Qxf5 15. Nxf5 Ne4 16. Nxd6 Nxg5 17. Nxb7 Rab8 18. Na5 Rxb2 19. Nxc6 Rxc2 20. Ne7+ Kh8 21. Nxd5 Rd8 22. Ne3 Rd2 23. d5 Ne4 24. Rfd1 Rb2 25. Rd4 Nc3 26. Rc4 Nxa2 27. Ra4 Nc3 28. Rxa7 g6 29. Rxf7 Kg8 30. Rc7 Ne4 31. Ng4 Rxd5 32. Ra8+ 1-0

[Event "Titled Tuesday intern op 23rd Jan Late"]
[Site "Chess.com INT"]
[Date "2024.01.23"]
[Round "5"]
[White "Sahakyan, Aleks"]
[Black "Stoleriu, George"]
[Result "1-0"]
[WhiteElo "2288"]
[BlackElo "2391"]
[PlyCount "95"]
[EventDate "2024.01.23"]
[EventType "swiss (blitz)"]
[EventRounds "11"]
[EventCountry "USA"]
[SourceTitle "CB05_2024"]
[SourceDate "2024.01.31"]
[SourceVersion "1"]
[SourceVersionDate "2024.01.31"]
[SourceQuality "1"]

1. e4 e6 2. d4 d5 3. exd5 exd5 4. Nc3 c6 5. Nf3 Bd6 6. Bd3 Bg4 7. 0-0 Ne7 8. Qe2 Nd7 9. Re1 Bh5 10. Bg5 f6 11. Bf4 Bxf4 12. Qe6 Bxf3 13. gxf3 Nf8 14. Qg4 Bh6 15. Re2 Qd7 16. Bf5 Qd6 17. Rae1 Kf7 18. Rxe7+ Qxe7 19. Rxe7+ Kxe7 20. Bc8 Rb8 21. Na4 Kd8 22. Bf5 g6 23. Qg3 Ra8 24. Qd6+ Ke8 25. Be6 Bf4 26. Qxf4 Nxe6 27. Qxf6 Kd7 28. Qf7+ Kd6 29. Qxb7 Rab8 30. Qa6 Nxd4 31. Qxa7 Ne6 32. Nb6 Rhd8 33. Qa3+ c5 34. Qa6 Nc7 35. Nc4+ Ke7 36. Qc6 Ne6 37. Ne3 d4 38. Nd5+ Kf7 39. Nb6 Re8 40. a4 Re7 41. Nd5 Ra7 42. b3 Re8 43. Qd6 Rb7 44. Nf4 Nxf4 45. Qxf4+ Kg7 46. Qd6 Rd8 47. Qxd8 c4 48. Qxd4+ 1-0

[Event "Titled Tuesday intern op 23rd Jan Late"]
[Site "Chess.com INT"]
[Date "2024.01.23"]
[Round "9"]
[White "Smirnov, Anton"]
[Black "Sahakyan, Aleks"]
[Result "0-1"]
[WhiteElo "2586"]
[BlackElo "2288"]
[PlyCount "108"]
[EventDate "2024.01.23"]
[EventType "swiss (blitz)"]
[EventRounds "11"]
[EventCountry "USA"]
[SourceTitle "CB05_2024"]
[SourceDate "2024.01.31"]
[SourceVersion "1"]
[SourceVersionDate "2024.01.31"]
[SourceQuality "1"]

1. e4 e5 2. Nf3 Nc6 3. Bb5 a6 4. Bxc6 dxc6 5. 0-0 Bg4 6. h3 Bh5 7. g4 Bg6 8. Nxe5 Bd6 9. Nxg6 hxg6 10. Qf3 Qh4 11. Kg2 Ne7 12. d3 g5 13. Rh1 Ng6 14. Be3 Qh7 15. Kf1 Nh4 16. Qe2 Qg6 17. Nd2 f6 18. Nf3 0-0-0 19. Nxh4 Rxh4 20. Qf3 Rdh8 21. Kg2 Kb8 22. Rae1 Qf7 23. Bxg5 R4h7 24. b3 Qe6 25. Be3 g6 26. Bd2 Be5 27. Qe2 Qd6 28. Ref1 f5 29. f4 Bd4 30. Qf3 Qc5 31. c4 Qa3 32. Rh2 Qxa2 33. Kh1 fxg4 34. Qxg4 Qxb3 35. Qf3 Rd8 36. Rd1 Bb6 37. Bc1 a5 38. f5 gxf5 39. exf5 a4 40. f6 a3 41. Bf4 Bd4 42. Bg3 a2 43. Qf1 a1Q 44. Rxa1 Bxa1 45. Qxa1 Qxd3 46. Qe1 Qf3+ 47. Rg2 Rd1 48. Kh2 Rxe1 49. Bxe1 Qxf6 50. Bf2 Qf4+ 51. Bg3 Qxc4 52. Rf2 b6 53. Rd2 Kb7 54. Rc2 Qxc2+ 0-1

[Event "Yerevan Margaryan Memorial IM"]
[Site "Yerevan"]
[Date "2024.01.12"]
[Round "5"]
[White "Sahakyan, Aleks"]
[Black "Zakaryan, David"]
[Result "1-0"]
[WhiteElo "2288"]
[BlackElo "2299"]
[PlyCount "33"]
[EventDate "2024.01.08"]
[EventType "tourn"]
[EventRounds "9"]
[EventCountry "ARM"]
[EventCategory "2"]
[SourceTitle "CB04_2024"]
[SourceDate "2023.10.16"]
[SourceVersion "1"]
[SourceVersionDate "2023.10.16"]
[SourceQuality "1"]

1. c4 c5 2. g3 g6 3. Bg2 Bg7 4. Nc3 Nc6 5. Nf3 d6 6. 0-0 e5 7. a3 Nge7 8. b4 Be6 9. Ng5 Bxc4 10. d3 cxb4 11. axb4 Be6 12. Nxe6 fxe6 13. b5 Na5 14. Qa4 e4 15. Nxe4 Bxa1 16. Qxa1 e5 17. Ba3 1-0

[Event "Yerevan Margaryan Memorial IM"]
[Site "Yerevan"]
[Date "2024.01.10"]
[Round "3"]
[White "Sahakyan, Aleks"]
[Black "Lomsadze, David"]
[Result "1-0"]
[WhiteElo "2288"]
[BlackElo "2253"]
[PlyCount "71"]
[EventDate "2024.01.08"]
[EventType "tourn"]
[EventRounds "9"]
[EventCountry "ARM"]
[EventCategory "2"]
[SourceTitle "CB04_2024"]
[SourceDate "2023.10.16"]
[SourceVersion "1"]
[SourceVersionDate "2023.10.16"]
[SourceQuality "1"]

1. e4 e5 2. Nf3 Nc6 3. Bc4 Bc5 4. c3 Nf6 5. d4 exd4 6. e5 d5 7. Bb5 Ne4 8. cxd4 Bb4+ 9. Nbd2 0-0 10. a3 Bxd2+ 11. Bxd2 Bg4 12. Be3 f5 13. exf6 Qxf6 14. Be2 Kh8 15. 0-0 Rae8 16. Rc1 Nd6 17. Rc5 Be6 18. b4 a6 19. a4 Nxb4 20. Rxc7 Nc6 21. Bg5 Qg6 22. Bh4 Bg4 23. Bg3 Rxe2 24. Qxe2 Bxf3 25. gxf3 Nf5 26. Kh1 Ncxd4 27. Qd1 Qh5 28. Be5 Nxf3 29. Rg1 d4 30. Rcxg7 Nxg7 31. Bxg7+ Kg8 32. Bxd4+ Kf7 33. Rg7+ Ke6 34. Qb3+ Kd6 35. Qb6+ Kd5 36. Qc5+ 1-0

[Event "Wch U18"]
[Site "Montesilvano"]
[Date "2023.11.23"]
[Round "10"]
[White "Sahakyan, Aleks"]
[Black "Chen, Hongsen"]
[Result "0-1"]
[WhiteElo "2303"]
[BlackElo "2061"]
[PlyCount "62"]
[EventDate "2023.11.13"]
[EventType "swiss"]
[EventRounds "11"]
[EventCountry "ITA"]
[SourceTitle "CB48_2023"]
[SourceDate "2023.11.29"]
[SourceVersion "1"]
[SourceVersionDate "2023.11.29"]
[SourceQuality "1"]

1. Nf3 Nf6 2. c4 c5 3. Nc3 Nc6 4. e3 e6 5. d4 d5 6. a3 dxc4 7. Bxc4 a6 8. 0-0 cxd4 9. exd4 Be7 10. Re1 0-0 11. Ba2 Qc7 12. Bg5 Rd8 13. Rc1 Qa5 14. Qa4 Qf5 15. Bb1 Qg4 16. h3 Qh5 17. Ne2 Bd6 18. Rc5 Bxc5 19. dxc5 Ne5 20. Nxe5 Qxg5 21. f4 Qh4 22. Nf3 Qh5 23. Qc2 Qf5 24. Qxf5 exf5 25. Ned4 g6 26. Ba2 Ne4 27. Rc1 Bd7 28. b4 Ba4 29. g4 fxg4 30. hxg4 Nd2 31. Re1 Bc6 0-1

[Event "Wch U18"]
[Site "Montesilvano"]
[Date "2023.11.18"]
[Round "6"]
[White "Nguyen, Quoc Hy"]
[Black "Sahakyan, Aleks"]
[Result "1-0"]
[WhiteElo "2392"]
[BlackElo "2303"]
[PlyCount "65"]
[EventDate "2023.11.13"]
[EventType "swiss"]
[EventRounds "11"]
[EventCountry "ITA"]
[SourceTitle "CB48_2023"]
[SourceDate "2023.11.29"]
[SourceVersion "1"]
[SourceVersionDate "2023.11.29"]
[SourceQuality "1"]

1. c4 e6 2. Nc3 d5 3. d4 Nf6 4. cxd5 exd5 5. Bg5 Bb4 6. e3 h6 7. Bxf6 Qxf6 8. Qb3 Qd6 9. Nf3 0-0 10. Bd3 Nd7 11. 0-0 c6 12. a3 Ba5 13. Rac1 Nf6 14. Ne5 Ng4 15. Nf3 Bc7 16. g3 Re8 17. Qc2 a6 18. Bh7+ Kh8 19. Bf5 Qf6 20. Bxc8 Raxc8 21. Qe2 Qf5 22. b4 Bd6 23. Rc2 Re7 24. Nh4 Qe6 25. Qf3 g6 26. Na4 h5 27. Nc5 Qf6 28. h3 Qxf3 29. Nxf3 Nf6 30. Rb1 Nd7 31. Nxb7 Bb8 32. Na5 Re6 33. Rbc1 1-0

[Event "Titled Tuesday intern op 24th Oct Late"]
[Site "Chess.com INT"]
[Date "2023.10.24"]
[Round "2"]
[White "Shapiro, Viktor"]
[Black "Sahakyan, Aleks"]
[Result "0-1"]
[WhiteElo "2113"]
[BlackElo "2345"]
[PlyCount "62"]
[EventDate "2023.10.24"]
[EventType "swiss (blitz)"]
[EventRounds "11"]
[EventCountry "USA"]
[SourceTitle "Mega2024 Update 01"]
[Source "Chessbase"]
[SourceDate "2023.11.12"]
[SourceVersion "1"]
[SourceVersionDate "2023.11.12"]
[SourceQuality "1"]

1. c4 Nf6 2. Nc3 g6 3. g3 Bg7 4. Bg2 0-0 5. Nf3 c5 6. 0-0 Nc6 7. d3 d6 8. a3 Rb8 9. Rb1 a6 10. b4 cxb4 11. axb4 b5 12. cxb5 axb5 13. h3 d5 14. Bf4 Rb6 15. g4 Nxg4 16. Nxd5 Nxf2 17. Nxe7+ Nxe7 18. Rxf2 Nd5 19. Bd2 Nc3 20. Bxc3 Bxc3 21. d4 Qe7 22. Rb3 Bxb4 23. e4 Be6 24. d5 Bd7 25. Re2 Bc5+ 26. Kh2 b4 27. e5 Ba4 28. d6 Rxd6 29. exd6 Qxd6+ 30. Qxd6 Bxd6+ 31. Kg1 Bxb3 0-1